| 000 | 01610nam0a22003251 4500 | ||
|---|---|---|---|
| 001 | rc\765244 | ||
| 005 | 20250622123846.0 | ||
| 035 | _a(NLR Aleph) 006292472 | ||
| 090 |
_a7164736 _c7164736 |
||
| 100 | _a20040301d1985 |||y0rusy50 ca | ||
| 101 | 0 | _arus | |
| 102 | _aRU | ||
| 105 | _aa ||||||||| | ||
| 200 | 1 |
_aПреображение _eЛирика и поэмы разных лет _eАвториз. пер. с кирг. _fТемиркул Уметалиев _g[Худож. А. Момуналиев] |
|
| 210 |
_aФрунзе _cКыргызстан _d1985 |
||
| 215 |
_a271 с. _cил. _d20 |
||
| 327 | 0 | _aЦиклы: Свет Октября; Киргизские напевы; Память - словно рана; Раздумья; Храните любовь!; Поэмы: Песнь о белом золоте; Кызыл-Джар | |
| 464 | 0 |
_12001#$aСвет Октября _tСвет Октября |
|
| 464 | 0 |
_12001#$aКиргизские напевы _tКиргизские напевы |
|
| 464 | 0 |
_12001#$aПамять - словно рана _tПамять - словно рана |
|
| 464 | 0 |
_12001#$aРаздумья _tРаздумья |
|
| 464 | 0 |
_12001#$aХраните любовь! _tХраните любовь! |
|
| 464 | 0 |
_12001#$aПеснь о белом золоте _tПеснь о белом золоте |
|
| 464 | 0 |
_12001#$aКызыл-Джар _tКызыл-Джар |
|
| 700 | 1 |
_aУметалиев _bТ.У. _f1908-1991 _gТемиркул Уметалиевич |
|
| 801 | 0 |
_aRU _bNLR _gpsbo |
|
| 801 | 1 |
_aRU _bELAR _2rusmarc |
|
| 852 |
_aNLR _j86-3/1428 |
||
| 942 | _cBOOK | ||
| 980 | _aNB | ||